00634cam a2200205 a 45000010008000000030006000080050017000140080041000310100017000720200031000890400018001200500024001380820022001621000023001842450088002072600055002953000021003504900019003716300038003904698414GBCCL20241126110338.0820428s1982 ilu 000 0 eng  a 82060252  a0842321675 (pbk.) :c$4.95 aDLCcDLCdDLC00aBS2615.3b.W54 198200a226.5077219bWIE1 aWiersbe, Warren W.10aListen! Jesus is praying :ban expository study of John 17 /cby Warren W. Wiersbe. aWheaton, Ill. :bTyndale House Publishers,cc1982. a144 p. ;c21 cm.0 aLiving studies00aBible.pJohn, XVIIxCommentaries.